| 000 | 00892pam a2200265 a 4500 | ||
|---|---|---|---|
| 005 | 20260322212052.0 | ||
| 008 | data | ||
| 010 | _a 89033054 | ||
| 020 | _a0816511128 (alk. paper) | ||
| 020 | _a9780816511129 (alk. paper) | ||
| 040 |
_aDLC _cDLC _dDLC |
||
| 043 | _an-us-az | ||
| 050 | 0 | 0 |
_aF788 _b.K88 1989 |
| 082 | 0 | 0 |
_a979.1/32 _220 |
| 092 | _a979.1 K88 1989 | ||
| 100 | 1 |
_aKrutch, Joseph Wood, _d1893-1970. |
|
| 245 | 1 | 0 |
_aGrand Canyon : _btoday and all its yesterdays / _cJoseph Wood Krutch. |
| 260 |
_aTucson : _bUniversity of Arizona Press, _cc1989. |
||
| 300 |
_a276 p. : _bill. ; _c22 cm. |
||
| 500 | _aReprint. Originally published: New York : W. Sloane Associates, 1958. | ||
| 600 | 1 | 0 |
_aKrutch, Joseph Wood, _d1893-1970 _xTravel _zGrand Canyon. _zGrand Canyon. |
| 651 | 0 |
_aGrand Canyon (Ariz.) _xDescription and travel. |
|
| 651 | 0 |
_aGrand Canyon (Ariz.) _xHistory. |
|
| 001 | data | ||
| 999 |
_c1224 _d1224 |
||